000 00692nam a2200289Ia 4500
005 20260324121803.0
008 008 260324s9999 xx 000 0 eng d
020 _a9780203386224
037 _aEBOOK
040 _aCRL
040 _beng
040 _cCRL
041 _2eng
041 _aeng
084 _qCRL
100 _aMaria Törnqvist
_91163875
245 0 _aTourism and the Globalization of Emotions
245 4 _bThe Intimate Economy of Tango
260 _bTaylor and Francis
260 _c2013
365 _a
365 _b255
856 _uhttp://www.taylorfrancis.com/books/9780203386224
942 _cEBOOK
999 _c1756184
_d1756184